00210nam a2200085Ia 4500008004100000100001800041245002700059260003000086300000800116201231s9999 xx 000 0 und d aShourie, Arun 0aWorshipping false Gods aNew DelhibHarper Collins a663